• 首页
  • 本馆介绍
  • 公告通知
  • 最新文献
  • 馆藏检索
  • 电子资源
  • 读者导购
  • 参考咨询
  • 我的图书馆
  • 登录
  • 详细信息显示
  • 放入我的书架
  • 预约/预借图书
  • 作者相关作品
  • 分类相关作品
  • 丛书相关作品
  • 出版社相关作品

书目信息

  • 表格格式
  • 工作单格式
  • 卡片格式
题名:
赢销营家
    
 
作者: 周学负 著
分册:  
出版信息: 武汉   武汉大学出版社  2011
页数: 278页
开本: 24cm
丛书名:
单 册:
中图分类: F279.23
科图分类:
主题词: 企业管理--市场营销学--中国 , 企业管理 , 市场营销学
电子资源:
ISBN: 978-7-307-08277-9
000 00966nam0 22002651 450
001 519
005 20140909092857.48
010    @a978-7-307-08277-9@dCNY35.00
100    @a20120207d2011 em y0chiy50 ea
101 0  @achi
102    @aCN@b420000
105    @ay z 000yy
106    @ar
200 1  @a赢销营家@AYing Xiao Ying Jia@e中国最经典的企业赢销案例@EZhong Guo Zui Jing Dian De Qi Ye Ying Xiao An Li@f周学负著@FZhou Xue Fu Zhu
210    @a武汉@c武汉大学出版社@d2011
215    @a278页@d24cm
330    @a本书以蒙牛、阿里巴巴、王老吉和巨人为代表,不仅详细地阐述了中国企业在营销方面所取得的进步与成绩,分析、探究了这四家企业的营销手段。
517 1  @a中国最经典的企业赢销案例@AZhong Guo Zui Jing Dian De Qi Ye Ying Xiao An Li
606 0  @a企业管理@x市场营销学@y中国
606 0  @a企业管理
606 0  @a市场营销学
690    @aF279.23@v5
701  0 @a周学负@AZhou Xue Fu@4著
801  0 @aCN@bTANGWEI@c20140603
905    @b0836718-20@dF279.23@e1132@f3
    
    赢销营家:中国最经典的企业赢销案例/周学负著.-武汉:武汉大学出版社,2011
    278页;24cm
    
    
    ISBN 978-7-307-08277-9:CNY35.00
    本书以蒙牛、阿里巴巴、王老吉和巨人为代表,不仅详细地阐述了中国企业在营销方面所取得的进步与成绩,分析、探究了这四家企业的营销手段。
●
相关链接 在E读中查询图书 在五车中查询图书 在当当中查询图书 在豆瓣中查询图书


正题名:赢销营家     索取号:F279.23/1132         预约/预借

序号 登录号 条形码 馆藏地/架位号 状态 备注
1 0836718   208367186   第一样本阅览室/ [索取号:F279.23/1132] 在馆    
2 0836719   208367195   密集书库-海洋学院/ [索取号:F279.23/1132] 在馆    
3 0836720   208367202   第一借阅区/ [索取号:F279.23/1132] 在馆    
唐山师范学院图书馆 欢迎您!
大连网信软件有限公司© 版权所有